Daybreakers / Lionsgate and Screen Australia present a Lionsgate and Paradise production ; in association with the Pacific Film and Television Commission and Furst Films ; produced by Sean Furst, Bryan Furst and Chris Brown ; written and directed by the Spierig Brothers.
In the year 2019, an unknown plague has transformed the world's population into vampires. As the human population nears extinction, so does the blood supply. Now the vampires must find a blood substitute before time runs out. Researcher Edward Dalton and a clandestine group of vampires have made a remarkable discovery, one which has the power to save the human race.
Record details
- ISBN: 9786313576258
- ISBN: 631357625X
- Physical Description: 1 videodisc (98 min.) : sound, color ; 4 3/4 in.
- Publisher: Santa Monica, Calif. : Lionsgate, [2010]
Content descriptions
| General Note: | Originally produced as a motion picture in 2009. Special features: making-of featurette; commentary with co-directors and creature designer; theatrical trailer; poster art gallery. |
| Restrictions on Access Note: | For private home use only, no public performances or copying allowed. |
| Creation/Production Credits Note: | Music, Christopher Gordon ; editor, Matt Villa ; director of photography, Ben Nott. |
| Participant or Performer Note: | Sam Neill, Willem Dafoe, Ethan Hawke, Isabel Lucas, Claudia Karvan, Michael Dorman, Vince Colosimo. |
| Target Audience Note: | Rating: R; for strong bloody violence, language and brief nudity. |
| System Details Note: | DVD; NTSC, region 1, Dolby digital EX 5.1 surround; widescreen presentation (2.40:1). |
| Terms Governing Use and Reproduction Note: | Home use only. |
| Language Note: | In English, with optional subtitles in English or Spanish; closed-captioned in English. |
Search for related items by subject
| Subject: | Vampires > Drama. Vampires. Vampire films. Horror films. Feature films. Fiction films. |
| Genre: | Vampire films. Horror films. Feature films. Video recordings for the hearing impaired. |
Available copies
- 1 of 1 copy available at scottsboropl.
Holds
- 0 current holds with 1 total copy.
Show Only Available Copies
| Location | Call Number / Copy Notes | Barcode | Shelving Location | Status | Due Date |
|---|---|---|---|---|---|
| scottsboropl | DVD Daybreakers | 32269001205106 | Adult - DVD | Available | - |
| LDR | 07296cgm a2201393Ia 4500 | ||
|---|---|---|---|
| 001 | 158586 | ||
| 003 | SBPL | ||
| 005 | 20220609155014.0 | ||
| 008 | 100311p20102009cau098 vleng d | ||
| 007 | vd cvaizq | ||
| 020 | . | ‡a9786313576258 | |
| 020 | . | ‡a631357625X | |
| 024 | 1 | 0. | ‡a031398122258 ‡d80 |
| 024 | 1 | . | ‡a031398122265 |
| 024 | 1 | . | ‡a031398122272 |
| 024 | 1 | . | ‡a03139812225880 |
| 028 | 4 | 2. | ‡a28193 ‡bLions Gate Entertainment |
| 028 | 4 | 2. | ‡a98195 ‡bLions Gate Entertainment |
| 035 | . | ‡a(OCoLC)551205816 ‡z(OCoLC)660161552 ‡z(OCoLC)965592785 ‡z(OCoLC)966155981 ‡z(OCoLC)968051830 ‡z(OCoLC)971968056 ‡z(OCoLC)972701544 ‡z(OCoLC)978716884 ‡z(OCoLC)988440012 ‡z(OCoLC)990759459 ‡z(OCoLC)991052450 ‡z(OCoLC)993513858 ‡z(OCoLC)1000132398 ‡z(OCoLC)1001931703 ‡z(OCoLC)1002097369 ‡z(OCoLC)1003444353 ‡z(OCoLC)1003652781 ‡z(OCoLC)1003754363 ‡z(OCoLC)1010999517 ‡z(OCoLC)1011080825 ‡z(OCoLC)1020458868 ‡z(OCoLC)1020471801 ‡z(OCoLC)1031868285 ‡z(OCoLC)1043498523 ‡z(OCoLC)1044716434 ‡z(OCoLC)1079853307 ‡z(OCoLC)1090225070 ‡z(OCoLC)1100522372 ‡z(OCoLC)1104425811 ‡z(OCoLC)1145723932 ‡z(OCoLC)1154616377 ‡z(OCoLC)1176032598 ‡z(OCoLC)1198393413 ‡z(OCoLC)1255443389 ‡z(OCoLC)1267697877 ‡z(OCoLC)1272400739 ‡z(OCoLC)1273277080 ‡z(OCoLC)1298704671 ‡z(OCoLC)1302429194 | |
| 050 | 4. | ‡aPN1997.2 ‡b.D39 2010 | |
| 082 | 0 | 4. | ‡a791.43/72 ‡222 |
| 100 | 2 | . | ‡aLions Gate Films (Santa Monica, Calif.) |
| 245 | 0 | 0. | ‡aDaybreakers / ‡cLionsgate and Screen Australia present a Lionsgate and Paradise production ; in association with the Pacific Film and Television Commission and Furst Films ; produced by Sean Furst, Bryan Furst and Chris Brown ; written and directed by the Spierig Brothers. |
| 257 | . | ‡aAustralia ; ‡aUnited States ‡2naf | |
| 260 | . | ‡aSanta Monica, Calif. : ‡bLionsgate, ‡c[2010] | |
| 300 | . | ‡a1 videodisc (98 min.) : ‡bsound, color ; ‡c4 3/4 in. | |
| 336 | . | ‡atwo-dimensional moving image ‡btdi ‡2rdacontent | |
| 337 | . | ‡avideo ‡bv ‡2rdamedia | |
| 338 | . | ‡avideodisc ‡bvd ‡2rdacarrier | |
| 344 | . | ‡adigital ‡boptical ‡2rda | |
| 345 | . | ‡awidescreen ‡2rda | |
| 346 | . | ‡alaser optical ‡bNTSC ‡2rda | |
| 347 | . | ‡avideo file ‡bDVD video ‡2rda | |
| 380 | . | ‡aMotion Picture | |
| 385 | . | ‡aRated R ‡2tlccontent | |
| 385 | . | ‡aGeneral ‡2tlctarget | |
| 538 | . | ‡aDVD; NTSC, region 1, Dolby digital EX 5.1 surround; widescreen presentation (2.40:1). | |
| 546 | . | ‡aIn English, with optional subtitles in English or Spanish; closed-captioned in English. | |
| 511 | 1 | . | ‡aSam Neill, Willem Dafoe, Ethan Hawke, Isabel Lucas, Claudia Karvan, Michael Dorman, Vince Colosimo. |
| 508 | . | ‡aMusic, Christopher Gordon ; editor, Matt Villa ; director of photography, Ben Nott. | |
| 500 | . | ‡aOriginally produced as a motion picture in 2009. | |
| 521 | 8 | . | ‡aRating: R; for strong bloody violence, language and brief nudity. |
| 520 | . | ‡aIn the year 2019, an unknown plague has transformed the world's population into vampires. As the human population nears extinction, so does the blood supply. Now the vampires must find a blood substitute before time runs out. Researcher Edward Dalton and a clandestine group of vampires have made a remarkable discovery, one which has the power to save the human race. | |
| 500 | . | ‡aSpecial features: making-of featurette; commentary with co-directors and creature designer; theatrical trailer; poster art gallery. | |
| 506 | . | ‡aFor private home use only, no public performances or copying allowed. | |
| 540 | . | ‡aHome use only. | |
| 650 | 0. | ‡aVampires ‡vDrama. | |
| 650 | 0. | ‡aVampires. | |
| 650 | 0. | ‡aVampire films. | |
| 650 | 0. | ‡aHorror films. | |
| 650 | 0. | ‡aFeature films. | |
| 650 | 0. | ‡aFiction films. | |
| 655 | 7. | ‡aVampire films. ‡2lcgft | |
| 655 | 7. | ‡aHorror films. ‡2lcgft | |
| 655 | 7. | ‡aFeature films. ‡2lcgft | |
| 655 | 7. | ‡aVideo recordings for the hearing impaired. ‡2lcgft | |
| 700 | 1 | . | ‡aFellman, Todd. |
| 700 | 1 | . | ‡aGordon, Christopher. |
| 700 | 1 | . | ‡aVilla, Matt. |
| 700 | 1 | . | ‡aNott, Ben. |
| 700 | 1 | . | ‡aFurst, Sean,: ‡eproducer. |
| 700 | 1 | . | ‡aFurst, Bryan,: ‡eproducer. |
| 700 | 1 | . | ‡aBrown, Chris, ‡d1950-: ‡eproducer. |
| 700 | 1 | . | ‡aNeill, Sam,: ‡eactor. |
| 700 | 1 | . | ‡aDafoe, Willem,: ‡eactor. |
| 700 | 1 | . | ‡aHawke, Ethan, ‡d1970-: ‡eactor. |
| 700 | 1 | . | ‡aLucas, Isabel, ‡d1985-: ‡eactor. |
| 700 | 1 | . | ‡aKarvan, Claudia, ‡d1972-: ‡eactor. |
| 700 | 1 | . | ‡aDorman, Michael, ‡d1981-: ‡eactor. |
| 700 | 1 | . | ‡aColosimo, Vince, ‡d1966-: ‡eactor. |
| 700 | 1 | . | ‡aGordon, Christopher,: ‡ecomposer (expression) |
| 710 | 2 | . | ‡aSpierig Brothers,: ‡escreenwriter,: ‡edirector. |
| 710 | 2 | . | ‡aPacific Film and Television Commission. |
| 710 | 2 | . | ‡aScreen Australia. |
| 710 | 2 | . | ‡aLions Gate Films (Santa Monica, Calif.) |
| 710 | 2 | . | ‡aParadise Production Company. |
| 710 | 2 | . | ‡aFurst Films. |
| 901 | . | ‡a158586 ‡b ‡c158586 ‡tbiblio | |